00325nam a2200109Ia 4500008004100000082000800041100001400049245003600063942000600099952009500105999001500200240331s9999 xx 000 0 und d bKAP aKaplan, R 4aThe catcher in the rye :bnotes cL 001040708LaWERCLbWERCLcSSCd2024-03-31l0o 820 KAPp5351r2024-03-31w2024-03-31yL c3185d3185